00621nam a22001937a 450000500170000001000120001702000220002903500130005103700160006408200180008010000240009824500820012226000400020427000570024430000280030150000510032965000240038065000230040420170828162730.0 aB-59406 c00.00a8174871721 aB-059406 bCen Lib/Ret a323.0954bRAY aRay Mohapatra, Arun aPublic interest litigation and human rights in India /cby Arun Ray Mohapatra aNew DelhibRadha Publicationsc2001 a4378/4-B, Ansari Road, Darya GanjbNew Delhie110002 axiii, 216p. :c21cm(Hb) aIncludes bibliographical references and index aIndian constitution aHuman rights-India